Wird geladen...
Darsanam samooham vyakthi /
| 1. Verfasser: | |
|---|---|
| Format: | Printed Book |
| Sprache: | Malayalam |
| Veröffentlicht: |
Kozhikode :
Lipi ,
2007.
|
| Schlagworte: |
| LEADER | 00556nam a2200169Ia 4500 | ||
|---|---|---|---|
| 008 | 150624b xxu||||| |||| 00| e mal d | ||
| 999 | |c 85792 |d 85792 | ||
| 020 | |a 8188011479 | ||
| 082 | |a 854.592 | ||
| 100 | |a Sukumar Azhikode | ||
| 245 | |c Sukumar Azhikode |a Darsanam samooham vyakthi / | ||
| 260 | |a Kozhikode : |b Lipi , |c 2007. | ||
| 300 | |a 97p. | ||
| 546 | |a In Malayalam. | ||
| 650 | |v Malayalam - Essays | ||
| 942 | |c BK | ||
| 952 | |0 0 |1 0 |4 0 |6 854_592000000000000_DAR_M |7 0 |9 85736 |a UL |b UL |c ST1 |d 2007-11-24 |e LI |l 1 |o 854.592 DAR M |p 81508 |r 2013-01-07 |s 2012-12-10 |v 60.00 |y BK | ||